Đẩy mạnh công tác văn hoá - thông tin ở miền núi và vùng đồng bào các dân tộc thiểu số tỉnh Lâm Đồng /

Sparad:
Bibliografiska uppgifter
Huvudupphovsman: Khuất Minh Phương.
Materialtyp: Artikel
Språk:Vietnamese
Ämnen:
Taggar: Lägg till en tagg
Inga taggar, Lägg till första taggen!
Thư viện lưu trữ: Thư viện Trường Đại học Đà Lạt
LEADER 00880nam a2200277 4500
001 DLU090080404
005 ##20090619
040 # # |a DLU  |b vie 
041 # # |a vie 
044 # # |a vn 
100 # # |a Khuất Minh Phương. 
245 # # |a Đẩy mạnh công tác văn hoá - thông tin ở miền núi và vùng đồng bào các dân tộc thiểu số tỉnh Lâm Đồng /  |c Khuất Minh Phương. 
653 # # |a Dân tộc thiểu số 
653 # # |a Lâm Đồng 
653 # # |a Miền núi 
653 # # |a Văn hoá thông tin 
773 # # |t Văn hoá Nghệ thuật  |g Số 1(187), 2000, tr. 13-15 
920 # # |a Phòng Tạp chí -- Trung tâm Thông tin - Thư viện Trường Đại học Đà Lạt 
994 # # |a DLU 
900 # # |a True 
911 # # |a Đào Thị Thu Huyền 
925 # # |a G 
926 # # |a A 
927 # # |a BB 
980 # # |a Thư viện Trường Đại học Đà Lạt